Geography General Knowledge but Each Answer Gets Longer - Statistics

General Stats
  • This quiz has been taken 55 times
  • The average score is 12 of 16
Answer Stats
Letters Question Answer % Correct
11 Largest mountain in Africa Kilimanjaro
92%
10 Country home to wild lemurs Madagascar
92%
4 Capital of Latvia Riga
92%
8 Ocean that separate Europe and Africa from the Americas Atlantic
90%
1 First letter in the alphabet without a country starting with that letter W
88%
6 Largest city in Switzerland Zurich
88%
5 Largest island of the coast of Greece Crete
86%
3 City in Morocco that shares the name with a crimson headdress Fez
86%
18 Country where the Burj Khalifa resides United Arab Emirates
80%
7 Sea that spans from Russia to Iran Caspian
76%
2 U.S. state of Missouri's abbreviation MO
74%
20 Country where Archduke Franz Ferdinand was shot Bosnia and Herzegovina
60%
17 Australian territory that is home to the city Darwin Northern Territory
58%
12 City where the Constitutional Convention took place Philadelphia
44%
9 Capital of Burundi before it was changed to Gitega Bujumbura
38%
13 Country that produces the most false teeth Liechtenstein
22%
No matching quizzes found
Score Distribution
Percent of People with Each Score
Percentile by Number Answered
Your Score History
You have not taken this quiz